000 00691nam a22002177a 4500
003 UA-OsUOA
001 127535
007 ta
008 20171204b un ||||| |||| 00| 0 ukr d
100 _aНищета В.
090 _a82
_bН71
942 _cSA
040 _aUA-OsUOA
_bukr
_cUA-OsUOA
_dUA-OsUOA
245 _aПро риторику просто. Освітні діалоги з уявним співрозмовником
300 _aС.57-62
955 _a0
041 _aukr
080 _a82
773 0 _w127531
_tУкраїнська мова і література в школі
_dК.
_d2017
_g5
650 7 _a82 Література. Літературознавство
_2UDC
999 _c414658
_d414658